| 000 | 01782nam0a2200373 4500 | ||
|---|---|---|---|
| 001 | RU\NLR\bibl\1520747 | ||
| 005 | 20250616030612.0 | ||
| 010 |
_a978-5-94067-267-8 _9250 |
||
| 021 |
_aRU _b2010-33257 _92226 |
||
| 035 | _a(nilc)RSL-KNO-004640160 | ||
| 035 | _a(NLR Aleph) 001512109 | ||
| 090 |
_a87079 _c87079 |
||
| 100 | _a20100511d2009 |||y0rusy50 ca | ||
| 101 | 0 | _arus | |
| 102 | _aRU | ||
| 105 | _aa ||||||||| | ||
| 200 | 1 |
_aНовая политическая география _dNew political geography _eпереформатируя Евразию. Историзированные зарубежные геоконцепты. Конец XX века - начало XXI века _fАр. А. Улунян _gРос. акад. наук, Ин-т всеобщей истории [и др.] _zeng |
|
| 210 |
_aМосква _cИнститут всеобщей истории РАН _d2009 |
||
| 215 |
_a302 с. _cил., карт. _d21 |
||
| 300 | _aАвт. также на англ. яз.: Ar.A. Ulunyan | ||
| 300 | _aВ надзаг.: Сравнит.-ист. исслед. Постсовет. пространства, Гос. акад. ун-т гуманит. наук | ||
| 320 | _aБиблиогр.: с. 219-261 и в конце гл. | ||
| 510 | 0 |
_6z11790 _aNew political geography _zeng |
|
| 607 |
_aСтраны Евразии _xПолитическая география _92613402 _3RU\NLR\auth\661549960 |
||
| 686 |
_aТ3(0)64-601,02 _2rubbk |
||
| 686 | _aФ4(0)3 | ||
| 700 | 1 |
_aУлунян _bА. А. _gАрутюн Акопович _4070 |
|
| 790 | 1 |
_6z11510 _aUlunjan _bA. A. _gArutjun Akopobič _4070 |
|
| 801 | 0 |
_aRU _bРГБ _c20100511 _grcr |
|
| 801 | 1 |
_aRU _bРГБ _c20100511 |
|
| 801 | 2 |
_aRU _bNLR _c20100608 _grcr |
|
| 942 | _cBOOK | ||
| 980 | _aNB | ||